| 000 | 00459pab a2200157 454500 | ||
|---|---|---|---|
| 008 | 180718b2004 xxu||||| |||| 00| 0 eng d | ||
| 100 | _aChen, Miao-Sheng | ||
| 245 | _aNew perspectives on the role of banks: not only financial intermediaries but really solving problems for clients | ||
| 260 | _c2004 | ||
| 300 | _ap.95-106. | ||
| 362 | _aJul | ||
| 650 | _aBanks | ||
| 700 | _aHuang, Chuan-Hsing | ||
| 773 | _aIndian Journal of Economics | ||
| 909 | _a64424 | ||
| 999 |
_c64424 _d64424 |
||